| 000 | 00000nas 2200000za 4500 |
| 001 | 9.841847 |
| 003 | CaOODSP |
| 005 | 20250403105952 |
| 007 | cr ||||||||||| |
| 008 | 170816d19631971oncar p oss f0###b0fre|d |
| 022 | |y0703-2633|y0703-2544 |
| 040 | |aCaOODSP|bfre |
| 043 | |an-cn--- |
| 086 | 1 |aCS11-201F-PDF |
| 110 | 2 |aStatistique Canada. |
| 245 | 10|aRapport annuel de Statistique Canada |h[ressource électronique]. |
| 246 | 13|aRapport annuel |
| 260 | |aOttawa : |bStatistique Canada, |c1972-[1986] |
| 310 | |aAnnuel |
| 362 | 0 |aLe 31 mars 1972-1985/86. |
| 500 | |aPubli. aussi en anglais sous le titre : Annual report of the Dominion Bureau of Statistics. |
| 500 | |aÉdition numérisée de l’imprimé [par Statistique Canada]. |
| 692 | 07|2gccst|aStatistique |
| 775 | 08|tAnnual report of Statistics Canada |w(CaOODSP)9.841842 |
| 780 | 00|tRapport annuel du Bureau fédéral de la statistique |w(CaOODSP)9.841846 |
| 785 | 00|tThe ... annual report of Statistics Canada |w(CaOODSP)9.841845 |